Quantum computation and quantum information (Record no. 11823)
[ view plain ]
| 000 -LEADER | |
|---|---|
| fixed length control field | 01199cam a2200289 a 4500 |
| 001 - CONTROL NUMBER | |
| control field | 16979227 |
| 005 - DATE AND TIME OF LATEST TRANSACTION | |
| control field | 20170105102349.0 |
| 008 - FIXED-LENGTH DATA ELEMENTS--GENERAL INFORMATION | |
| fixed length control field | 110927s2010 enka b 001 0 eng |
| 010 ## - LIBRARY OF CONGRESS CONTROL NUMBER | |
| LC control number | 2011290698 |
| 020 ## - INTERNATIONAL STANDARD BOOK NUMBER | |
| International Standard Book Number | 9781107002173 (hardback) |
| 040 ## - CATALOGING SOURCE | |
| Original cataloging agency | DLC |
| Transcribing agency | DLC |
| Modifying agency | DLC |
| 042 ## - AUTHENTICATION CODE | |
| Authentication code | pcc |
| 082 00 - DEWEY DECIMAL CLASSIFICATION NUMBER | |
| Classification number | 004.1 |
| Edition number | 23 |
| 100 1# - MAIN ENTRY--PERSONAL NAME | |
| Personal name | Nielsen, Michael A., |
| Dates associated with a name | 1974- |
| 245 10 - TITLE STATEMENT | |
| Title | Quantum computation and quantum information |
| Statement of responsibility, etc. | Michael A. Nielsen & Isaac L. Chuang. |
| 260 ## - PUBLICATION, DISTRIBUTION, ETC. | |
| Place of publication, distribution, etc. | Cambridge ; |
| -- | New York : |
| Name of publisher, distributor, etc. | Cambridge University Press, |
| Date of publication, distribution, etc. | 2010. |
| 300 ## - PHYSICAL DESCRIPTION | |
| Extent | xxxi, 676 p. : |
| Other physical details | ill. ; |
| Dimensions | 26 cm. |
| 504 ## - BIBLIOGRAPHY, ETC. NOTE | |
| Bibliography, etc. note | Includes bibliographical references (p. [649]-664) and index. |
| 650 #0 - SUBJECT ADDED ENTRY--TOPICAL TERM | |
| Topical term or geographic name entry element | Quantum computers. |
| 700 1# - ADDED ENTRY--PERSONAL NAME | |
| Personal name | Chuang, Isaac L., |
| Dates associated with a name | 1968- |
| 856 42 - ELECTRONIC LOCATION AND ACCESS | |
| Materials specified | Contributor biographical information |
| Uniform Resource Identifier | <a href="http://www.loc.gov/catdir/enhancements/fy1117/2011290698-b.html">http://www.loc.gov/catdir/enhancements/fy1117/2011290698-b.html</a> |
| 856 42 - ELECTRONIC LOCATION AND ACCESS | |
| Materials specified | Publisher description |
| Uniform Resource Identifier | <a href="http://www.loc.gov/catdir/enhancements/fy1117/2011290698-d.html">http://www.loc.gov/catdir/enhancements/fy1117/2011290698-d.html</a> |
| 856 41 - ELECTRONIC LOCATION AND ACCESS | |
| Materials specified | Table of contents only |
| Uniform Resource Identifier | <a href="http://www.loc.gov/catdir/enhancements/fy1117/2011290698-t.html">http://www.loc.gov/catdir/enhancements/fy1117/2011290698-t.html</a> |
| 906 ## - LOCAL DATA ELEMENT F, LDF (RLIN) | |
| a | 7 |
| b | cbc |
| c | origcop |
| d | 2 |
| e | ncip |
| f | 20 |
| g | y-gencatlg |
| 942 ## - ADDED ENTRY ELEMENTS (KOHA) | |
| Source of classification or shelving scheme | |
| Koha item type | Book |
| Withdrawn status | Lost status | Damaged status | Not for loan | Collection code | Permanent Location | Current Location | Shelving location | Date acquired | Source of acquisition | Cost, normal purchase price | Total Checkouts | Total Renewals | Full call number | Barcode | Date last seen | Date last checked out | Price effective from | Koha item type |
|---|---|---|---|---|---|---|---|---|---|---|---|---|---|---|---|---|---|---|
| Central Library (CL) | Central Library (CL) | First Floor - Computer Science | 04/24/2013 | Progressive International Agencies | 5633.13 | 8 | 3 | 004.1 NIE | SEECS012316 | 05/31/2025 | 04/12/2025 | 04/24/2013 | Book |
